000 01070nmc a2200361 a 4500
003 AR-BaBNM
005 20251128205951.0
008 218019s1995 ||||||||||||||000 | spa||
020 _a84-7153-750-8
040 _cAR-BaBNM
245 1 0 _aLas culturas y las primeras civilizaciones de América
250 _a1ª ed.
260 _aBarcelona
_bBiblograf
_c1995
300 _ap. om.
_bil., mapas
490 0 _aAtlas de la historia del hombre
_vv. 5
500 _aContiene glosario e índice de topónimos al final de la obra
650 4 _aARTE
650 4 _aHISTORIA AMERICANA
650 4 _aPREHISTORIA
650 4 _aARQUEOLOGIA
650 4 _aANTROPOLOGIA CULTURAL Y SOCIAL
650 4 _aSOCIEDAD
650 4 _aRELIGION
653 _aCULTURAS PRECOLOMBINAS
700 1 _aDué, Andrea
_edirector
700 1 _aColas Gil, Jaume
_ecoordinador
700 1 _aRossi, Renzo
_ecolaborador
700 1 _aVeutro, Martina
_ecolaborador
700 1 _aOrefici, Giuseppe
_eprologuista
700 1 _aBignozzi, Juana
_etraductor
942 _cBK
998 _cMARTIN
999 _c13522
_d13522